1. výběr skladeb Kytarová sóla

Bibliographic Details
Main Author: Tárrega, Francisco (Author)
Format: Book
Language:Undetermined
PhysicalDescription:25 s.
Published: Praha Supraphon 1968

MARC

LEADER 00000nam a2200000 a 4500
001 vtls001305256
003 SK-MaSNL
005 20260301004945.0
008 240314s1968 xx 0 und
035 |a SNK000257477 
040 |a SNK  |b slo  |c SNK  |e AACR2 
100 1 |a Tárrega, Francisco  |4 aut  |9 288542 
245 1 0 |a 1. výběr skladeb  |b Kytarová sóla 
260 |a Praha  |b Supraphon  |c 1968 
300 |a 25 s. 
958 |a OND 
999 |c 543793  |d 545723 
952 |t P60, <04>, [BOOK], {604}  |a SNK  |b SNK  |y VYP  |7 0  |p 17A0101509  |o snkHIB 10170 D1  |0 0  |1 0  |4 0  |d 1997-10-03  |l 0  |r 2005-01-02 00:00:00  |w 2026-02-23 
952 |t P60, <04>, [BOOK], {604}  |a SNK  |b SNK  |y VYP  |7 0  |p 17A0319025  |o snkHIB 10170  |0 0  |1 0  |4 0  |d 2001-10-19  |l 0  |r 2005-01-02 00:00:00  |w 2026-02-23